How'd Ya Die: Harry Potter Quiz Stats

 Plays Quiz Updated Oct 8, 2016

Score 0/20 Timer 06:00
4 Plays Today
Death Character % Correct
Killed by a trusted ally in the Astronomy TowerAlbus Dumbledore
92.8%
Thrown into the veil by Bellatrix Lestrange's spellSirius Black
92%
Killed by Molly Weasley after threatening Ginny WeasleyBellatrix Lestrange
89.7%
Killed by his own rebounding killing curse from the Elder WandVoldemort
89.2%
Decapitated by Neville Longbottom with the Sword of GryffindorNagini
88.3%
Killed by his son during the Triwizard TournamentBarty Crouch Sr.
87.7%
Killed by Nagini so Voldemort could be the master of the Elder WandSeverus Snape
86.4%
Killed by Wormtail immediately before Voldemort's returnCedric Diggory
84.7%
Killed with a knife thrown by Bellatrix LestrangeDobby
84.4%
Killed in the Battle of the Seven Potters due to Mundungus Fletcher fleeingAlastor Moody
83.6%
Death Character % Correct
Hit by a killing curse in the Battle of the Seven Potters and then dropped with Rubeus Hagrid's sidecarHedwig
81.7%
Killed by his own silver handPeter Pettigrew
80.9%
Killed while attached to Voldemort due to Harry Potter's magical protection of loveQuirinus Quirrell
79.6%
Died of old age in the Forbidden ForestAragog
73.5%
Killed in an explosion during the Battle of HogwartsFred Weasley
73.1%
Killed by Antonin Dolohov in the Battle of HogwartsRemus Lupin
70.4%
Killed by his own FiendfyreVincent Crabbe
70.1%
Killed by Bellatrix Lestrange in the Battle of HogwartsNymphadora Tonks
69.3%
Killed by Voldemort for overhearing his plans in the Riddle houseFrank Bryce
60.1%
Killed by Voldemort after refusing to give up Harry Potter's locationRufus Scrimgeour
24.3%

You're not logged in!

Compare scores with friends on all Sporcle quizzes.
OR
Log In

Sporcle TV

Today on Sporcle TV


Watch our educational content, quiz creation guides, and fun videos on Sporcle TV.

Show Comments

Extras

Top Quizzes Today


Score Distribution

Your Account Isn't Verified!

In order to create a playlist on Sporcle, you need to verify the email address you used during registration. Go to your Sporcle Settings to finish the process.

Report this User

Report this user for behavior that violates our Community Guidelines.

Details: